American government and politics. : (Record no. 436)
[ view plain ]
| 000 -LEADER | |
|---|---|
| fixed length control field | 00600cam a2200217ua 4500 |
| 001 - CONTROL NUMBER | |
| control field | 496 |
| 005 - DATE AND TIME OF LATEST TRANSACTION | |
| control field | 20260515113155.0 |
| 008 - FIXED-LENGTH DATA ELEMENTS--GENERAL INFORMATION | |
| fixed length control field | 110407n ii |||gr||||Z||||||eng |
| 040 ## - CATALOGING SOURCE | |
| Transcribing agency | MAIN |
| 082 ## - DEWEY DECIMAL CLASSIFICATION NUMBER | |
| Classification number | 320.973 |
| 245 11 - TITLE STATEMENT | |
| Title | American government and politics. : |
| Remainder of title | National state and local. / |
| Statement of responsibility, etc. | By Harold Zink. |
| 250 ## - EDITION STATEMENT | |
| Edition statement | st. |
| 260 ## - PUBLICATION, DISTRIBUTION, ETC. | |
| Place of publication, distribution, etc. | Delhi.: |
| Name of publisher, distributor, etc. | East west press.,958. |
| 300 ## - PHYSICAL DESCRIPTION | |
| Extent | ii, 444 p.: |
| Dimensions | 20 cm. |
| 653 ## - INDEX TERM--UNCONTROLLED | |
| Uncontrolled term | Political science. |
| 653 ## - INDEX TERM--UNCONTROLLED | |
| Uncontrolled term | American government and politics. |
| 700 ## - ADDED ENTRY--PERSONAL NAME | |
| Personal name | Zink, Harold., |
| 700 ## - ADDED ENTRY--PERSONAL NAME | |
| Personal name | Penniman, Howard R., |
| 700 ## - ADDED ENTRY--PERSONAL NAME | |
| Personal name | Hathorn, Guy B., |
| 942 ## - ADDED ENTRY ELEMENTS (KOHA) | |
| Koha item type | Books |
| Withdrawn status | Lost status | Damaged status | Not for loan | Home library | Current library | Shelving location | Date acquired | Total checkouts | Full call number | Barcode | Date last seen | Copy number | Price effective from | Koha item type |
|---|---|---|---|---|---|---|---|---|---|---|---|---|---|---|
| Naharkatiya College Library | Naharkatiya College Library | General stacks | 09/19/2020 | 320.973 | ZIN | 70 | 09/19/2020 | 2 | 09/19/2020 | Books | |||||
| Naharkatiya College Library | Naharkatiya College Library | General stacks | 09/19/2020 | 320.973 | ZIN | 71 | 09/19/2020 | 1 | 09/19/2020 | Books |